The philosophy of the revolution. (Record no. 46917)
[ view plain ]
| 000 -LEADER | |
|---|---|
| fixed length control field | 00667cam a22002171 4500 |
| 001 - CONTROL NUMBER | |
| control field | ne 64000972 |
| 003 - CONTROL NUMBER IDENTIFIER | |
| control field | DLC |
| 005 - DATE AND TIME OF LATEST TRANSACTION | |
| control field | 20260227111758.0 |
| 008 - FIXED-LENGTH DATA ELEMENTS--GENERAL INFORMATION | |
| fixed length control field | 800107q19601969ua 000 0 eng |
| 010 ## - LIBRARY OF CONGRESS CONTROL NUMBER | |
| LC control number | ne 64000972 |
| 035 ## - SYSTEM CONTROL NUMBER | |
| System control number | (OCoLC)5850534 |
| 040 ## - CATALOGING SOURCE | |
| Original cataloging agency | DLC |
| Transcribing agency | NOsU |
| Modifying agency | OCoLC |
| -- | DLC |
| 042 ## - AUTHENTICATION CODE | |
| Authentication code | premarc |
| 050 00 - LIBRARY OF CONGRESS CALL NUMBER | |
| Classification number | DT107.83 |
| Item number | .N333 1960z |
| 100 1# - MAIN ENTRY--PERSONAL NAME | |
| Personal name | Nasser, Gamal Abdel, |
| Dates associated with a name | 1918-1970. |
| 245 14 - TITLE STATEMENT | |
| Title | The philosophy of the revolution. |
| Statement of responsibility, etc. | Introd. by Dorothy Thompson. |
| 260 ## - PUBLICATION, DISTRIBUTION, ETC. | |
| Place of publication, distribution, etc. | [Cairo? |
| Name of publisher, distributor, etc. | National Publication House Press, |
| Date of publication, distribution, etc. | 196-?] |
| 300 ## - PHYSICAL DESCRIPTION | |
| Extent | 75 p. |
| Dimensions | 20 cm. |
| 651 #0 - SUBJECT ADDED ENTRY--GEOGRAPHIC NAME | |
| Geographic name | Egypt |
| General subdivision | History |
| -- | Philosophy. |
| 651 #0 - SUBJECT ADDED ENTRY--GEOGRAPHIC NAME | |
| Geographic name | Egypt |
| General subdivision | Politics and government |
| Chronological subdivision | 1952-1970. |
No items available.